000 02633namaa2200397uu 4500
001 doab122216
003 oapen
005 20260218110429.0
006 m o d
007 cr|mn|---annan
008 231117s2024 xx |||||o ||| 0|eng d
020 _a978-3-658-42298-1
020 _a9783658422974
020 _a9783658422981
024 7 _a10.1007/978-3-658-42298-1
_2doi
040 _aoapen
_coapen
_d
041 0 _aeng
042 _adc
720 1 _aBergmann, Jonas
_4aut
245 0 0 _aAt Risk of Deprivation
_bThe Multidimensional Well-Being Impacts of Climate Migration and Immobility in Peru
260 _aWiesbaden
_bSpringer Nature
_c2024
300 _a1 online resource (449 p.)
336 _atext
_btxt
_2rdacontent
337 _acomputer
_bc
_2rdamedia
338 _aonline resource
_bcr
_2rdacarrier
490 1 _aStudien zur Migrations- und Integrationspolitik
506 0 _fUnrestricted online access
_2star
520 _aThis open access book examines how and why various forms of climate (im)mobilities can impact people's objective and subjective well-being. Worsening climate impacts are forcing subsistence farmers worldwide to decide between staying or leaving their homes. This mixed methods study analyzes cases of climate-related migration, displacement, relocation, and immobility in Peru's coastal, highland, and rainforest regions. The results reveal that numerous farmers experienced profound and often negative well-being impacts, regardless of whether they stayed or migrated. The higher the structural constraints, such as weak governance, and the more damaging the climate impacts were, the higher the risk of well-being declines. Additionally, the affected individuals often had limited agency and ability to mitigate losses. These findings challenge the notion of "migration as adaptation" and emphasize the importance of safeguarding the human rights and security of those affected while addressing loss and damage. Without significant investments in such efforts, climate impacts could sharply diminish the well-being of numerous subsistence farmers worldwide-irrespective of whether they stay or migrate.
540 _aCreative Commons
_fby/4.0/
_2cc
_uhttp://creativecommons.org/licenses/by/4.0/
546 _aEnglish
650 7 _aEcological science, the Biosphere
_2bicssc
650 7 _aPhysical geography and topography
_2bicssc
793 0 _aDOAB Library.
856 _uhttps://docs.google.com/spreadsheets/d/1yKIrdCPDAG_9c22mwoOIO2DOhtj65Wqa/edit?usp=sharing&ouid=106555315294820607512&rtpof=true&sd=true
_yList of Curated E-Books
942 _cE-BOOK
999 _c80974
_d80973